[Event "ROM-chT"]
[Site "Baile Herculane"]
[Date "2010.09.11"]
[Round "8.42"]
[White "Svetushkin, Dmitry"]
[Black "Solak, Dragan"]
[Result "1/2-1/2"]
[WhiteElo "2552"]
[BlackElo "2577"]
[Annotator "Primel,D"]
[PlyCount "118"]
[EventDate "2010.09.04"]
[EventType "team-tourn"]
[EventRounds "9"]
[EventCountry "ROU"]
[SourceTitle "EXT 2021"]
[Source "ChessBase"]
[SourceDate "2020.10.23"]
[SourceVersion "1"]
[SourceVersionDate "2020.10.23"]
[SourceQuality "1"]

1. d4 d5 2. c4 c6 3. Nc3 Nf6 4. e3 g6 (4... e6) (4... a6) 5. Nf3 Bg7 6. Be2 O-O
7. O-O a6 8. a4 (8. Bd2) (8. Qb3) 8... a5 {[%csl Gb4]} 9. cxd5 (9. Qb3 Na6 (
9... e6) 10. Bd2 Nb4 11. Na2 Nxa2 12. Rxa2 dxc4 13. Bxc4 Ne4 14. Bc3 Nd6 15.
Raa1 Nxc4 16. Qxc4 Qd5 17. Qe2 Bg4 18. h3 Bxf3 19. Qxf3 Qxf3 20. gxf3 Rfc8 21.
f4 e6 22. Rfd1 Bf8 23. Kf1 Rd8 24. b3 Rd5 25. Kg2 f5 26. Kf3 Kf7 27. Rac1 Ba3
28. Rb1 Rd7 29. Rd2 Ra6 30. Rc2 Rd5 31. Be1 Be7 32. Ke2 h6 33. b4 axb4 34. Bxb4
Rb6 35. Rcb2 Rxb4 36. Rxb4 Bxb4 37. Rxb4 Rd7 38. h4 Kf6 {Eljanov,P (2729)
-Inarkiev,E (2645) Khanty-Mansiysk 2009 1/2-1/2 (63)}) 9... Nxd5 10. e4 Nb4 (
10... Nxc3 $6 {L'échange ne ferait que renforcer le centre Blanc} 11. bxc3 $16
{[%csl Gd4,Ge4]}) 11. Be3 Bg4 $146 (11... Nd7 12. Qd2 Nb6 13. Bh6 Be6 14. Bxg7
Kxg7 15. Ng5 Bb3 16. Ra3 Bc4 17. Rd1 e5 18. Nf3 exd4 19. Nxd4 Qf6 20. Qc1 Rad8
21. Nf3 Bxe2 22. Nxe2 Rxd1+ 23. Qxd1 Qxb2 {0-1 (23) Giddins,S (2197)-Van de
Oudeweetering,A (2364) Hoogeveen 2006}) 12. h3 Bxf3 13. Bxf3 N8a6 $5 {[%csl
Gb4] La position Noire est passive mais solide} 14. Qd2 e5 $1 15. d5 cxd5 16.
Nxd5 Nxd5 17. exd5 Qd6 {La Q est une mauvaise bloqueuse} (17... Nb4 {Plus
naturel} 18. d6 $5 {[%csl Gf3]}) 18. Qxa5 f5 19. Qb6 $1 {[%csl Gb6][%cal Gb6d6,
Gb6b7] Force l'échange des Q et le Bb6 sera bien placé pour soutenir le P
passé} Qxb6 20. Bxb6 e4 $1 21. Be2 Bxb2 22. Rad1 $36 {[%csl Gd5] Les pièces
Blanches et la paire de B vont soutenir le P passé} Ba3 23. d6 $1 Bc5 $1 {
Probablement le seul coup pour tenir la position} 24. Bc7 Nxc7 25. dxc7 Rfc8
26. Rd7 Bb6 27. Rc1 Rxa4 28. Bc4+ $1 Kh8 29. Be6 $1 {[%cal Ge6c8,Gd7h7] C'est
une partie modèle sur le thème de la valorisation du P passé} e3 30. fxe3
Re4 31. Rxh7+ $1 {Le thème est facile à voir mais la suite est plus
compliquée à calculer} Kxh7 32. Bxc8 Bxe3+ 33. Kf1 Bxc1 34. Be6 $1 (34. Bd7
Rc4 35. c8=Q Rxc8) 34... Rf4+ $1 {Un coup digne d'une étude} 35. Ke2 $1 (35.
Kg1 $2 Be3+ 36. Kh2 Rc4 37. Bxc4 Bf4+) 35... Re4+ 36. Kd1 Rxe6 37. c8=Q Rd6+
38. Ke2 (38. Kxc1 $2 Rc6+) 38... Bf4 $1 {[%cal Gf4d6] Il est important de
protéger la R pour monter une forteresse} 39. Kf3 Be5 40. Qc7+ Kh6 41. Qe7 $1
{[%cal Ge7e5,Ge7h4]} Rd3+ 42. Kf2 Bd4+ 43. Kf1 Bh8 44. Qe1 Kg7 45. g4 Rf3+ 46.
Kg2 fxg4 47. hxg4 Rf6 $1 $11 {Les pièces Noires sont compactes et bien
protégées. La Q ne peut pas grand-chose face à la forteresse} 48. g5 Rc6 49.
Qb4 Rc2+ 50. Kf3 Kh7 51. Qh4+ Kg8 52. Qa4 Rc3+ 53. Ke4 Bg7 54. Kd5 Re3 55. Qc4
b5 56. Qc1 Re5+ 57. Kd6 Kh7 58. Qh1+ Kg8 59. Qa8+ Kh7 1/2-1/2

[Event "Cappelle op 32nd"]
[Site "Cappelle la Grande"]
[Date "2016.02.20"]
[Round "9"]
[White "Zubov, Alexander"]
[Black "Burmakin, Vladimir"]
[Result "1/2-1/2"]
[WhiteElo "2603"]
[BlackElo "2556"]
[Annotator "Primel,D"]
[PlyCount "70"]
[EventDate "2016.02.13"]
[EventType "swiss"]
[EventRounds "9"]
[EventCountry "FRA"]
[SourceTitle "EXT 2017"]
[Source "ChessBase"]
[SourceDate "2016.10.25"]
[SourceVersion "1"]
[SourceVersionDate "2016.10.25"]
[SourceQuality "1"]
[TimeControl "40/5400+30:1800+30"]
[WhiteClock "0:08:29"]
[BlackClock "0:19:00"]

1. c4 c6 2. d4 Nf6 3. Nc3 d5 4. e3 g6 5. Nf3 Bg7 6. Be2 O-O 7. O-O Bg4 (7... a6
8. a4 Be6 9. Ng5 Bc8 10. Qb3 b6 11. Bd2 e6 12. Nf3 Nbd7 13. cxd5 exd5 14. a5
$14 {Gelfand,B (2733)-Kamsky,G (2705) Wch Candidates final 2007 (2.4) 1/2}) 8.
cxd5 cxd5 9. Qb3 Bc8 (9... b6 10. h3 Bxf3 11. Bxf3 e6 12. Bd2 Nc6 13. Qa4 Qd7
14. Rfc1 Na5 15. Qxd7 Nxd7 16. Nb5 Rfc8 17. Rxc8+ Rxc8 18. Nxa7 Ra8 19. Bxa5
bxa5 20. Nc6 a4 21. Rc1 Bf8 22. Be2 Kg7 23. Kf1 Bd6 24. Ke1 Rc8 25. Kd1 Nb8 26.
Na7 Rxc1+ 27. Kxc1 Bh2 28. Kd1 e5 29. g3 exd4 30. exd4 h5 31. Bf3 h4 32. gxh4
Bc7 33. Bxd5 Bd8 34. a3 Bxh4 35. Ke2 Bg5 36. Kd3 Bh4 37. f3 Bg5 38. Bc6 Bc1 39.
Kc3 {Wang,H (2717)-Li,C (2751) Huaian 2016 1-0}) 10. Ne5 e6 11. Rd1 Qb6 $146 (
11... Nfd7 12. Nd3 Nc6 13. Bd2 Nb6 14. Rac1 Nc4 15. Nb4 N6a5 16. Qc2 Bd7 17.
Be1 Rc8 18. b3 Nd6 19. Qb2 Nc6 20. Nd3 e5 21. dxe5 Nxe5 22. Nxe5 Bxe5 23. Rxd5
Qe7 24. Qa3 Bc6 25. Rdd1 Rfd8 26. Bf1 Qe6 27. Qxa7 Qg4 28. h3 Qe6 29. Qb6 Kg7
30. Ne2 Ra8 31. Nd4 Bxd4 32. Qxd4+ Kg8 33. Bc3 {1-0 (33) Dziuba,M (2589)
-Majdan,J (2386) Warsaw 2011}) 12. Qxb6 axb6 13. b3 Bd7 14. Nxd7 Nfxd7 15. Bd2
Rc8 16. Na4 Nc6 17. Bb5 Bf8 18. a3 f5 19. Rdc1 Rc7 20. Kf1 Bd6 21. h3 Kf7 22.
Ke1 Ke7 23. Kd1 Kd8 24. Rc2 Rac8 25. b4 Ke7 26. Rcc1 Ra8 27. Rc2 Rcc8 28. Rb1 (
28. Rac1) 28... Bc7 29. Rbc1 Bd8 30. Rb1 Nf6 31. Bc1 (31. f3 {[%csl Ge4]})
31... Ne4 32. f3 Nd6 33. Nc3 Nxb5 34. Nxb5 Na7 35. Nxa7 Rxc2 1/2-1/2

[Event "POL-chT 66th"]
[Site "Katowice"]
[Date "2010.09.09"]
[Round "6"]
[White "Sieciechowicz, Marcin"]
[Black "Balogh, Csaba"]
[Result "1-0"]
[WhiteElo "2443"]
[BlackElo "2608"]
[Annotator "RR"]
[PlyCount "91"]
[EventDate "2010.09.04"]
[EventType "team-tourn"]
[EventRounds "9"]
[EventCountry "POL"]
[SourceTitle "EXT 2016"]
[Source "ChessBase"]
[SourceDate "2015.10.08"]
[SourceVersion "1"]
[SourceVersionDate "2015.10.08"]
[SourceQuality "1"]
[WhiteTeam "Prokonex"]
[BlackTeam "Wroclaw Polonia"]
[WhiteTeamCountry "POL"]
[BlackTeamCountry "POL"]

1. d4 d5 2. c4 c6 3. Nf3 Nf6 4. e3 g6 5. Nc3 Bg7 6. Be2 O-O 7. O-O e6 8. Qc2
Nbd7 9. b4 $5 {[%cal Gb4b5]} (9. Rd1 Re8 10. b4 b6 11. a4 a5 12. b5 c5 13. cxd5
exd5 14. Bb2 Bb7 15. Rac1 Rc8 16. Qb1 c4 17. Ba3 Qc7 18. g3 h5 19. Nh4 Ng4 20.
Ng2 Ndf6 21. Rf1 Rcd8 22. Rce1 Nh7 23. Qd1 Qd7 24. Nf4 Ng5 25. h4 Ne4 26. Nxe4
Rxe4 27. Bf3 Ree8 28. Ne2 Qc7 29. Nf4 Nf6 30. Ne2 Bc8 31. Nc3 Bg4 32. Kg2 Qd7
33. Rh1 Bh6 34. Qc2 Bxf3+ 35. Kxf3 Ng4 36. Re2 Re6 37. Rhe1 Rde8 38. Bc1 f5 {
Rapport,R (2709)-Vidit,S (2625) Tsaghkadzor 2015 0-1 (64)}) (9. b3 Re8 10. Bb2
b6 11. e4 $14) 9... dxc4 (9... Re8 10. Bb2 b6 11. cxd5 exd5 12. Na4 $14 {
Zhou,J (2652)-Yu,Y (2585) Danzhou 1st 2010 (2) 1/2}) 10. Bxc4 b5 11. Bd3 a5 $1
12. bxa5 Qxa5 13. Bd2 Qa3 14. e4 Ba6 $6 (14... e5 15. d5 cxd5 16. Nxb5 Qc5 $132
) 15. e5 Nd5 16. Nxd5 cxd5 17. Qb3 $1 {[%csl Ra6][%cal Gd2b4]} b4 18. Bxa6 Rxa6
$6 (18... Qxa6 19. Bxb4 Rfb8 $44 {Et le P "a" va se faire pilonner par les
pièces lourdes}) 19. Bxb4 Qxb3 20. axb3 Rxa1 21. Rxa1 Rb8 22. Ra4 {[%cal
Gf3d2,Gd2b3,Gg1f1] Pour l'instant le P gagné n'est pas facile à valoriser
mais un P est un P} f6 23. h4 $1 h6 (23... fxe5 $6 24. Bd6 {[%csl Rg8][%cal
Gd6b8,Gd6e5,Gf3g5] La pointe} Rxb3 $2 25. Ra8+) 24. Bd6 $1 Rxb3 25. Ra7 $40 {
[%csl Re6]} Nb6 26. Re7 Nc4 27. Rxe6 {[%csl Rd5]} Rb6 28. Re8+ Kf7 29. Re7+ Kg8
30. Bc5 Rb1+ 31. Kh2 fxe5 32. dxe5 Rb8 33. Bd4 $18 {[%csl Gd4,Ge5]} Bf8 34. Rd7
Re8 35. Rxd5 Kf7 36. Rd7+ Re7 37. Rxe7+ Bxe7 38. Kg3 Ke6 39. Kg4 Ba3 40. h5 g5
41. Bc3 Bf8 42. g3 Bc5 43. Nxg5+ hxg5 44. h6 Kf7 45. Kf5 Bxf2 46. e6+ 1-0

[Event "RUS Cup final"]
[Site "Magnitogorsk"]
[Date "2011.11.17"]
[Round "3.1"]
[White "Khismatullin, Denis Rimovich"]
[Black "Matlakov, Maxim"]
[Result "1-0"]
[WhiteElo "2660"]
[BlackElo "2632"]
[Annotator "RR"]
[PlyCount "91"]
[EventDate "2011.11.13"]
[EventType "k.o."]
[EventRounds "4"]
[EventCountry "RUS"]
[SourceTitle "CBM 146"]
[Source "ChessBase"]
[SourceDate "2012.01.18"]
[SourceVersion "1"]
[SourceVersionDate "2012.01.18"]
[SourceQuality "1"]

1. d4 d5 2. c4 c6 3. Nc3 Nf6 4. e3 g6 5. Nf3 Bg7 6. Bd3 O-O 7. O-O Bg4 8. h3
Bxf3 9. Qxf3 e6 10. Rd1 Nbd7 11. b3 Re8 12. Bb2 Qe7 13. Bf1 a6 14. Rac1 h5 15.
Rc2 Red8 16. Qf4 Ne8 17. Qf3 Ndf6 18. Bd3 Rac8 19. Nb1 Nd6 20. Nd2 Nf5 21. Rdc1
Nd6 22. Qf4 Nde8 23. Nf3 Nd7 24. c5 Nef6 25. g4 Re8 26. Kg2 hxg4 27. hxg4 e5
28. dxe5 Nh7 29. Rh1 Nhf8 30. Qh2 Nxc5 31. Rxc5 Qxc5 32. e6 f6 33. Bxg6 Rxe6 {
[%tqu "En","","","","f3g5","",10]} 34. Ng5 $1 Re7 35. Bh7+ Kh8 36. Bd4 Qb4 37.
Bg6+ Kg8 38. Bh7+ Kh8 39. Bf5+ Kg8 40. Nh7 Rcc7 41. Qh5 Qd6 42. b4 Nd7 43. a3 (
43. g5 c5 44. bxc5) 43... b6 44. Qg6 Ne5 $2 (44... Nf8 45. Nxf8) 45. Nxf6+ $1
$18 Qxf6 {[%tqu "En","","","","h1h8","",10]} 46. Rh8+ $1 1-0

[Event "POL-chT 66th"]
[Site "Katowice"]
[Date "2010.09.08"]
[Round "5"]
[White "Czarnota, Pawel"]
[Black "Urban, Klaudiusz"]
[Result "1/2-1/2"]
[WhiteElo "2524"]
[BlackElo "2468"]
[Annotator "RR"]
[PlyCount "223"]
[EventDate "2010.09.04"]
[EventType "team-tourn"]
[EventRounds "9"]
[EventCountry "POL"]
[SourceTitle "EXT 2016"]
[Source "ChessBase"]
[SourceDate "2015.10.08"]
[SourceVersion "1"]
[SourceVersionDate "2015.10.08"]
[SourceQuality "1"]
[WhiteTeam "Szkola Grudziadz"]
[BlackTeam "Poznan Pocztowiec"]
[WhiteTeamCountry "POL"]
[BlackTeamCountry "POL"]

1. c4 e6 2. Nf3 Nf6 3. Nc3 d5 4. e3 g6 5. d4 Bg7 6. Bd3 (6. Be2 O-O 7. O-O b6
8. b3 Bb7 9. Ba3 Re8 10. Rc1 Nbd7 11. cxd5 Nxd5 12. Nxd5 exd5 13. Bb5 Rc8 14.
Bc6 Bxc6 15. Rxc6 Nc5 16. b4 Qd7 17. b5 Nb7 18. Qd3 Na5 19. Rc3 Nc4 20. Rb1 c6
21. bxc6 Rxc6 22. Rcb3 Rec8 23. Bb4 Bf6 24. a4 R6c7 25. Ra1 Qe6 26. h3 Kg7 27.
a5 b5 28. Qd1 a6 29. Ne1 Nd6 30. Bxd6 Qxd6 31. Nd3 Rc4 32. Qf3 h5 33. g3 Rc3
34. Rxc3 Rxc3 35. Nf4 Bxd4 {Jussupow,A (2608)-Shchekachev,A (2519) Bastia 2012
1-0}) 6... O-O 7. O-O Nbd7 8. b4 c6 9. Bb2 dxc4 10. Bxc4 Nd5 $146 (10... b6 11.
a4 Bb7 12. Ba3 Rc8 13. Rb1 Re8 14. Qe2 Nd5 15. Nxd5 cxd5 16. Bb5 Re7 17. a5 Rc7
18. Rfc1 Nb8 19. a6 Bc8 20. Bd3 Rxc1+ 21. Rxc1 Rc7 22. b5 Rxc1+ 23. Bxc1 Qc7
24. Bd2 f5 25. Qe1 Nd7 26. Bb4 Bf8 27. h4 Nf6 28. Ne5 Nd7 29. Nf3 Nf6 30. Ne5
Nd7 31. Nc6 Bxa6 32. Qc1 {1-0 (32) Kasparov,G (2770)-Timman,J (2630) Tilburg
1991}) 11. Qb3 a5 12. b5 (12. a3 axb4 13. axb4) 12... Nxc3 13. Bxc3 c5 14. Rfd1
(14. Rad1 $5 Qe7 15. b6 cxd4 16. exd4 Nf6 17. Ne5 Rd8 18. Rfe1 {Aurait
économisé un coup}) 14... Qe7 15. b6 $5 {[%csl Gc7] Empêche le fianchetto
b6 et Bb7 mais le P"b6" est un peu exposé} cxd4 16. exd4 Nf6 {[%csl Gd5]} 17.
Ne5 Rd8 18. Re1 Qd6 19. Rab1 Nd5 20. Bd2 {[%csl Rd2]} (20. Ba1 Nb4 {[%cal
Gd6b6]}) 20... Nxb6 $1 21. Qxb6 Qxb6 22. Rxb6 Bxe5 23. Rxe5 Rxd4 24. Rxa5 Rxa5
25. Bxa5 Rxc4 26. Bd2 Rd4 27. Rb2 Bd7 28. f3 Bc6 $11 {Les Noirs ont enfin
résolu le problème du développement du Bc8} 29. Bc3 Rc4 30. Bb4 f6 31. Kf2
Kf7 32. a3 Bd5 33. Rd2 h5 34. Ke3 g5 35. h3 Kg6 36. Rd4 Rc2 37. Rd2 Rc1 38. Rd4
Rg1 39. Kf2 Rb1 40. Ke3 Rg1 41. Kf2 Rb1 42. Ke3 Ra1 43. Ke2 Kf5 44. Ke3 Rc1 45.
Bd6 Rc3+ 46. Rd3 Rc6 47. Bb4 Rc1 48. Rd4 Rc8 49. Bd6 Rc3+ 50. Rd3 Rc2 51. Rd2
Rc1 52. Rd4 Rg1 53. Kf2 Rb1 54. Ke3 Kg6 55. Rd2 Rc1 56. Bb4 g4 $5 {Jouant pour
le gain} 57. hxg4 hxg4 58. fxg4 Rc4 59. Rd4 Rxd4 60. Kxd4 Bxg2 {[%csl Ge6]
Malgré le P passé, les chances de gain des Noirs sont très faibles mais ils
peuvent torturer longuement leur adversaire} 61. Bd2 Bf3 62. g5 fxg5 63. Ke5
Bd5 64. a4 Bc4 65. a5 g4 66. Bf4 Kf7 67. Bg3 Ke7 68. Be1 Bd3 69. Kf4 Bf5 70.
Bc3 Kd7 71. Be5 Kc6 72. Bb8 Kc5 73. Bc7 Kb4 74. Bb6 Kc4 75. Bc7 Kd3 76. Bb6 Ke2
77. Bd4 Ke1 78. Kg3 Kf1 79. Be5 Ke2 80. Bd6 Ke3 81. Bc7 Ke4 82. Bb8 e5 83. Bc7
Bd7 84. Bb8 Kd4 85. Ba7+ Kd3 86. Bc5 Ke2 87. Bb6 Kd2 88. Bc5 Kc3 89. Bb6 Kd3
90. Bc5 Bc8 91. Bf2 Ke2 92. Bc5 Bd7 93. Bd6 e4 94. Bc5 Kf1 95. Bd4 Ke2 96. Bc5
Bc8 97. Kf4 Kd3 98. Bb6 Bd7 99. Bc5 Be6 100. Bb6 Bc8 101. Bc5 Bd7 102. Bb6 Bb5
103. Kxg4 e3 {Les Noirs ont progressé un peu mais sans avoir des chances
réelles de gain.} 104. Bc5 Kd2 105. Kg3 Bc6 106. Bb4+ Kd1 107. Bc3 Ke2 108.
Kf4 Kd3 109. Bb4 e2 110. Kg3 Ke3 111. Be1 Bb5 112. Bb4 1/2-1/2

[Event "POL-chT 66th"]
[Site "Katowice"]
[Date "2010.09.07"]
[Round "4"]
[White "Bobula, Mateusz"]
[Black "Leniart, Arkadiusz"]
[Result "1/2-1/2"]
[WhiteElo "2380"]
[BlackElo "2453"]
[Annotator "RR"]
[PlyCount "61"]
[EventDate "2010.09.04"]
[EventType "team-tourn"]
[EventRounds "9"]
[EventCountry "POL"]
[SourceTitle "EXT 2016"]
[Source "ChessBase"]
[SourceDate "2015.10.08"]
[SourceVersion "1"]
[SourceVersionDate "2015.10.08"]
[SourceQuality "1"]
[WhiteTeam "Dankowice"]
[BlackTeam "Wroclaw Polonia"]
[WhiteTeamCountry "POL"]
[BlackTeamCountry "POL"]

1. d4 d5 2. c4 c6 3. e3 Nf6 4. Nf3 g6 5. Nc3 Bg7 6. cxd5 cxd5 7. Bb5+ Bd7 8.
Qb3 Bxb5 9. Qxb5+ Qd7 10. Ne5 Qxb5 11. Nxb5 Na6 12. Bd2 (12. b3 Nd7 13. Nd3 $1
{[%csl Ra6,Rd7];Kurajica,B (2565)-Wang,Z (2505) Moscow ol (Men) 1994 (10.2) 1-0
}) 12... Ne4 13. Nd3 (13. Rc1 f6 14. Nd3 Kd7 15. Ke2 Nd6 16. Rc2 Rac8 17. Nc5+
Nxc5 18. Rxc5 {1/2-1/2 (18) Mchedlishvili,M (2629)-Gagunashvili,M (2603) Konya
2011}) 13... Kd7 14. Rc1 Nd6 15. a4 b6 16. Nxd6 Kxd6 17. Ke2 Rhc8 18. b4 Kd7
19. b5 Rxc1 20. Rxc1 Nc7 21. Rc6 {Toute cette suite avait auparavant été
joué dans une partie de Bundesliga en 2008} Ne6 $146 22. Nb4 $14 {[%csl Ga6,
Gb4,Gc6]} Nd8 23. Rc1 {[%csl Rd2,Rd5] Les Blancs ont une bonne finale mais il
est difficile d'activer le Bd2} e6 24. Na6 {[%cal Gc1c7]} Rc8 25. Rxc8 Kxc8 {
Sans les R, les Noirs doivent pouvoir tenir la finale} 26. Bb4 {[%csl Rg7]} Kd7
27. Kd3 Bf6 28. f3 {[%cal Ge3e4]} e5 29. Bc3 exd4 30. Bxd4 Bxd4 31. exd4
1/2-1/2